000 00863nam a2200289 a 4500
003 AR-BaBNM
005 20251128205922.0
008 082120s2002 ||||||||||||||000 | spa||
020 _a950-822-018-X
040 _cAR-BaBNM
245 0 0 _aMatemática 2001 para 7mo año de la EGB
_bguía para la enseñanza y ejercitación
250 _a1ª ed.
260 _aBuenos Aires
_bNovelibro
_c1997
300 _a559 p.
_bil.
650 4 _aENSEÑANZA DE LAS MATEMATICAS
650 4 _aGUIA DEL DOCENTE
650 4 _aCONCEPTOS NUMERICOS
650 4 _aCONCEPTOS GEOMETRICOS
650 4 _aACTIVIDADES DE APRENDIZAJE
650 4 _aSOLUCION DE PROBLEMAS
653 _aEDUCACION GENERAL BASICA
653 _aCONTENIDOS BASICOS COMUNES
653 _aPROCESO DE ENSEÑANZA-APRENDIZAJE
700 1 _aHamra, Benjamín
_edirector
942 _cBK
998 _cCarmen
999 _c13300
_d13300